Art of Effective English Writing with Aural and Oral Skills: (Record no. 175266)

MARC details
000 -LEADER
fixed length control field 00777nam a22002057a 4500
005 - DATE AND TIME OF LATEST TRANSACTION
control field 20200819154242.0
010 ## - LCCN (DPL NO)
LC control number ENG-128358
020 ## - INTERNATIONAL STANDARD BOOK NUMBER
Terms of availability 485.00
International Standard Book Number 9789352838097
035 ## - SYSTEM CONTROL NUMBER
System control number EN-111890
037 ## - SOURCE OF ACQUISITION
Source of stock number/acquisition DBAD/PUB
082 ## - DEWEY DECIMAL CLASSIFICATION NUMBER
Classification number 485
100 ## - MAIN ENTRY--PERSONAL NAME
Personal name Singh, Meena
245 ## - TITLE STATEMENT
Title Art of Effective English Writing with Aural and Oral Skills:
Statement of responsibility, etc by Meena Singh and O.P.Singh
Remainder of title For students of ICSE Class IX & X/
250 ## - EDITION STATEMENT
Edition statement 15th edition
260 ## - PUBLICATION, DISTRIBUTION, ETC. (IMPRINT)
Place of publication, distribution, etc New Delhi
Name of publisher, distributor, etc S Chand and company ltd
Date of publication, distribution, etc 2020
270 ## - ADDRESS
Address Blackie Elt Books B-1/D-1 Ground Floor Mohan Co-operative Industrial Estate Mathura Road
City New Delhi
Postal code 110044
Telephone number 011-66672000
Electronic mail address helpdesk@schandpublishing.com
300 ## - PHYSICAL DESCRIPTION
Extent 514p.
Dimensions 23.5cm(pbk)
Other physical details pictures
700 ## - ADDED ENTRY--PERSONAL NAME
Personal name O.P.Singh
942 ## - ADDED ENTRY ELEMENTS (KOHA)
Source of classification or shelving scheme Dewey Decimal Classification
Item type English Books
Classification part 485
Call number suffix SIN
Holdings
Withdrawn status Lost status Not for loan Collection code Home library Current library Date acquired Source of acquisition Cost, normal purchase price Full call number Barcode Copy number Cost, replacement price Koha item type
      Non-fiction Ashok Vihar Ashok Vihar 19/08/2020 DBAD/PUB 485.00 485 SIN EN-111890 1 485.00 English Books

© Delhi Public Library
Hit Counter
free hit counter